Moderné metódy zisťovania vnútorných defektov zvarových spojov

Saved in:
Bibliographic Details
Main Author: Kvasňovský, Martin (Author)
Other Authors: Urminský, Ján (Thesis advisor)
Format: Manuscript Book
Language:Slovak
Published: 2023
Subjects:
Online Access:http://is.stuba.sk/zp/portal_zp.pl?podrobnosti=166049
Tags: Add Tag
No Tags, Be the first to tag this record!

MARC

LEADER 00000ntm a22000003a 4500
001 stuzp93688
003 SK-STU
005 20230909215752.2
007 ta
008 150427s2015----xo-----f-mn---000-0-slo-d
040 |a STU  |b slo 
041 0 |a slo 
100 1 |a Kvasňovský, Martin  |u 063000  |4 aut  |U MTF Materiálovotechnologická fakulta  |T MTF Ústav výrobných technológií  |X 48121  |U M3000  |Y 83  |7 48121 
242 0 1 |a Modern methods of detecting internal defects of weld joints  |y eng 
245 1 0 |a Moderné metódy zisťovania vnútorných defektov zvarových spojov 
260 |c 2023 
650 4 |a zvarový spoj  |2 slo 
650 4 |a nedeštruktívne skúšanie  |2 slo 
650 4 |a vnútorný defekt  |2 slo 
650 4 |a ultrazvuková kontrola  |2 slo 
650 4 |a kontrola prežarovaním  |2 slo 
650 4 |a weld joint  |2 eng 
650 4 |a non-destructive testing  |2 eng 
650 4 |a internal defect  |2 eng 
650 4 |a ultrasonic inspection  |2 eng 
650 4 |a radiation inspection  |2 eng 
700 1 |a Urminský, Ján  |u 063100  |k Z1  |4 ths  |U MTF Ústav výrobných technológií  |T MTF Katedra zvárania a spájania materiálov  |X 59820  |U M3100  |Y 162  |7 A000059820 
856 4 |u http://is.stuba.sk/zp/portal_zp.pl?podrobnosti=166049 
996 |c M* BP-9619  |l MMSKP  |s P  |a 0  |w stuzp93688_0001